000 01180nam0a22003491 4500
001 RU\NLR\A1SV\44860
005 20260526092107.0
035 _a(NLR Aleph) 009727009
090 _a9894924
_c9894924
100 _a20021215d1925 u y0rusy50 ca
101 0 _arus
102 _aRU
200 1 _aПлан воспроизводства рабочей силы в промышленности СССР
_e(Первый вариант)
_fВ.Зайцев
_gПод ред. и с предисл. Л.Е.Минца
210 _aМ.
_cВопр. труда
_d1925
215 _a88, [1] с.
_cтабл.
_d24 см
620 _dМосква
700 1 _aЗайцев
_bВ. А.
_cспециалист в обл. экономики
_gВладимир Алексеевич
_9225599
_3RU\NLR\AUTH\770225655
702 1 _aМинц
_bЛ. Е.
_f1893-1979
_gЛев Ефимович
801 0 _aRU
_bNLR
_c20021215
852 _aNLR
_j17.152.7.327
899 _aГОПБ
899 _aГПИБ
899 _aБАН
899 _aSLK
899 _aГАРФ
899 _aРГБ
899 _aНБ ТГУ
899 _aКирОУНБ
942 _cBOOK
980 _aNB
980 _aA1SV